Unlimited power : the new science of personal achiement

Bibliographic Details
Main Author: Robbins, Anthony
Format: Book
Published: London : Simon & Schuster Ltd , 1986
Subjects:

MARC

LEADER 00000cam a2200000 7i4500
001 0000001387
005 20220531.0
020 |a 0743409396 
040 |a INS 
090 0 0 |a BF637.S8   |b .R56 1986 
100 1 |a Robbins, Anthony 
245 1 0 |a Unlimited power :   |b the new science of personal achiement   |c Anthony Robbins 
260 |a London :   |b Simon & Schuster Ltd ,   |c 1986 
300 |a 425p. ;   |c 21cm. 
650 0 |a Attitude change 
650 0 |a Success 
999 |a 0000004857   |b BOOK   |c Open Shelf   |e Default branch 
999 |a 0000008668   |b BOOK   |c Open Shelf   |e Default branch 
999 |a 0000023897   |b BOOK   |c Open Shelf   |e Default branch